000 00488nam a2200193 a 4500
001 1763961452372
003 YourLibrary
005 20251124104852.0
008 251124s2006##################000#0#eng##
020 _a9780452287853
082 0 4 _a616.027774
_bSCO
100 1 _aScott, Christopher Thomas,
_eauthor.
245 1 0 _aStem Cell Now :
260 _bPenguin,
_c2006.
300 _a273 pages
650 0 _aScience.
942 _cENGLISH
040 _aYourLibrary
_beng
_cYourLibrary
999 _c598525
_d598525